00635nam a22001937a 4500003000900000008004100009020001800050040007100068082002600139100003200165245004800197260003500245300004500280505002700325650002300352650002600375650002600401650001400427AR-CdUCM190327b ||||| |||| 00| 0 spa d a9786120033036 aMUNICIPALIDAD PROVINCIAL DEL CUSCOcBIBLIOTECA MUNICIPAL DEL CUSCO a869.56 / AN59EbAN59E aAndrade Ochoa, Crisóstomo aEl escritor, el lagarto y el murciélago / aCusco :bDanny's Graff,c2018. a122 páginas ;bilustraciones,c21 cm. aContenido: Anecdotario aLiteratura Peruana aLiteratura cusqueña aLiteratos cusqueños aSiglo XXI